Pratisaṃskr̥tā Siddhāntakaumudī. (Record no. 74114)

MARC details
000 -LEADER
fixed length control field 00901cam a22002891 4500
001 - CONTROL NUMBER
control field sa 67003842
003 - CONTROL NUMBER IDENTIFIER
control field DLC
005 - DATE AND TIME OF LATEST TRANSACTION
control field 20260227112341.0
008 - FIXED-LENGTH DATA ELEMENTS--GENERAL INFORMATION
fixed length control field 900214s1959 np ch 000 0 sano
010 ## - LIBRARY OF CONGRESS CONTROL NUMBER
LC control number sa 67003842
035 ## - SYSTEM CONTROL NUMBER
System control number (OCoLC)21063417
040 ## - CATALOGING SOURCE
Original cataloging agency DLC
Transcribing agency WaU
Modifying agency DLC
041 0# - LANGUAGE CODE
Language code of text/sound track or separate title sannep
042 ## - AUTHENTICATION CODE
Authentication code premarc
050 00 - LIBRARY OF CONGRESS CALL NUMBER
Classification number PK519
Item number .B45
100 0# - MAIN ENTRY--PERSONAL NAME
Personal name Bhaṭṭojī Dīkṣita.
245 10 - TITLE STATEMENT
Title Pratisaṃskr̥tā Siddhāntakaumudī.
260 ## - PUBLICATION, DISTRIBUTION, ETC.
Date of publication, distribution, etc. [1959]
300 ## - PHYSICAL DESCRIPTION
Extent 10, 376, 330, 4 p.
Other physical details facsim., ports.
Dimensions 25 cm.
500 ## - GENERAL NOTE
General note The Siddhānta-kaumudī by Bhaṭṭojī Dīkṣita is a commentary on Pāṇini's Aṣṭādhyāyī.
500 ## - GENERAL NOTE
General note In Sanskrit; some notes in Nepali.
650 #0 - SUBJECT ADDED ENTRY--TOPICAL TERM
Topical term or geographic name entry element Sanskrit language
General subdivision Grammar.
700 0# - ADDED ENTRY--PERSONAL NAME
Personal name Pāṇini.
Title of a work Aṣṭādhyāyī.
700 1# - ADDED ENTRY--PERSONAL NAME
Personal name Sigdyal, Soma Nath.
700 1# - ADDED ENTRY--PERSONAL NAME
Personal name Arjyal, Punya Prasad Sharma.
740 0# - ADDED ENTRY--UNCONTROLLED RELATED/ANALYTICAL TITLE
Uncontrolled related/analytical title Siddhāntakaumudī.

No items available.

Powered by Koha